| 000 | 00348 a2200109 4500 | ||
|---|---|---|---|
| 001 | ART_51372 | ||
| 005 | 20260410161649.0 | ||
| 008 | 260409a | ||
| 245 | 1 | 0 | _aLas retenciones a las exportaciones y el deber de contribuir |
| 100 | 1 | _aBibiloni, Mario J. | |
| 773 | 0 |
_tConsultor tributario _g- Año 14, N° 159 (mayo 2020) _wREV474 |
|
| 999 |
_c14085 _d14085 |
||